000 00531nam a2200181Ia 4500
003 OSt
005 20201118155450.0
008 190216s9999||||xx |||||||||||||| ||und||
020 _a8180544664
040 _coclc
082 _a530.15
_bPRA/M
100 _aPrakash, Satya
_94155
245 0 _aMathematical Physics With Classical Mechanics /
_cSatya Prakash
260 _bSulthan Chand&Sons,
_aNew Delhi:
_c2007.
300 _a1588p
650 _aChemistry
942 _cBK
_2ddc
_h530.15
_iPRA/M
_k530.15
_mPRA/M
999 _c34224
_d34224